LEADER 00769nam0-22002771i-450- 001 990001050240403321 035 $a000105024 035 $aFED01000105024 035 $a(Aleph)000105024FED01 035 $a000105024 100 $a20000920d1966----km-y0itay50------ba 101 0 $aeng 200 1 $aSelected Logic Papers$fby W.V. Quine 210 $aNew York$cRandom House$d1966 215 $ax, 250 p.$d22 cm 610 0 $aFondamenti della logica matematica e probabilità 676 $a519 700 1$aQuine,$bWillard Van Orman$f<1908-2000>$058505 801 0$aIT$bUNINA$gRICA$2UNIMARC 901 $aBK 912 $a990001050240403321 952 $a4A-038$b7712$fFI1 959 $aFI1 996 $aSelected Logic Papers$9341005 997 $aUNINA DB $aING01